Movies Quiz

Random Movies or Quote Quiz

Kids movie quotes Quiz Stats

 Plays Quiz not verified by Sporcle

Challenge
Share
Tweet
Embed
Score 0/10 Timer 20:00
0 Plays Today
Quote Movie % Correct
Voldemort Killed my parentsHarry Potter
95.4%
Better Out Than In I always say!Shrek
57.7%
Awesome, double prizesToy Story
50.5%
I dont think thats daylightToy Story
50.5%
A flying Car WowChitty Chitty Bang Bang
16.8%
I stopped Paying attention after he said trapsScooby Doo
14.8%
We have to find you dadNemo
13.8%
Were in the gardenHoney, I shrunk the kids
10.7%
Disgusing its muddynanny mcghee
4.6%
Were flyingNanny MgHee Retuns
1.5%

You're not logged in!

Compare scores with friends on all Sporcle quizzes.
Join for Free
OR
Log In

You Might Also Like...

Show Comments

Extras

Created May 27, 2011ReportFavoriteNominate
Tags:Quote Quiz, kid

Top Quizzes Today


Score Distribution

Your Account Isn't Verified!

In order to create a playlist on Sporcle, you need to verify the email address you used during registration. Go to your Sporcle Settings to finish the process.

Report this User

Report this user for behavior that violates our Community Guidelines.

Details: